MARC details
| 000 -LEADER |
| fixed length control field |
01311nam a22002897a 4500 |
| 003 - CONTROL NUMBER IDENTIFIER |
| control field |
OSt |
| 005 - DATE AND TIME OF LATEST TRANSACTION |
| control field |
20250411103010.0 |
| 008 - FIXED-LENGTH DATA ELEMENTS--GENERAL INFORMATION |
| fixed length control field |
240913b ||||| |||| 00| 0 eng d |
| 040 ## - CATALOGING SOURCE |
| Transcribing agency |
0 |
| 082 ## - DEWEY DECIMAL CLASSIFICATION NUMBER |
| Classification number |
DPer 621.317 Ie21 December 2022 v.37 n. 12 part 1&2. |
| 100 ## - MAIN ENTRY--PERSONAL NAME |
| Personal name |
Zhou, Lingyun. |
| Relator term |
author. |
| 9 (RLIN) |
61026 |
| 245 ## - TITLE STATEMENT |
| Title |
Efficiency optimization of lcc-s compensated multiple-receiver bidirectional wpt system for stackers in automated storage and retrieval system / |
| Statement of responsibility, etc. |
Lingyun Zhou, Shunpan Liu, Yundi Li, Ruikun Mai, Yong Li, Ling Fu, and Lei Qi. |
| 260 ## - PUBLICATION, DISTRIBUTION, ETC. (IMPRINT) |
| Place of publication, distribution, etc. |
New York ; |
| Name of publisher, distributor, etc. |
The Institute of Electrical and Electronics Engineers, Inc., |
| Date of publication, distribution, etc. |
December 2022. |
| 300 ## - PHYSICAL DESCRIPTION |
| Extent |
volume 37, pages 15693-15705, |
| Other physical details |
illustration. |
| 500 ## - GENERAL NOTE |
| General note |
IEEE Transactions on Power Electronics, v. 37 n. 12, pages 15693-15705, December 2022. |
| 650 #0 - SUBJECT ADDED ENTRY--TOPICAL TERM |
| Topical term or geographic name as entry element |
Automated storage and retrieval systems (ASRS). |
| 9 (RLIN) |
66347 |
| 650 #0 - SUBJECT ADDED ENTRY--TOPICAL TERM |
| Topical term or geographic name as entry element |
maximum efficiency point tracking (MEPT). |
| 9 (RLIN) |
66348 |
| 650 #0 - SUBJECT ADDED ENTRY--TOPICAL TERM |
| Topical term or geographic name as entry element |
multiple receivers. |
| 9 (RLIN) |
66349 |
| 700 ## - ADDED ENTRY--PERSONAL NAME |
| Personal name |
Zhou, Lingyun. |
| Relator term |
author. |
| 9 (RLIN) |
61026 |
| 700 ## - ADDED ENTRY--PERSONAL NAME |
| Personal name |
Shunpan Liu, |
| Relator term |
author. |
| 9 (RLIN) |
61027 |
| 700 ## - ADDED ENTRY--PERSONAL NAME |
| Personal name |
Li, Yundi. |
| Relator term |
author. |
| 9 (RLIN) |
61028 |
| 700 ## - ADDED ENTRY--PERSONAL NAME |
| Personal name |
Mai, Ruikun. |
| Relator term |
author. |
| 9 (RLIN) |
61029 |
| 700 ## - ADDED ENTRY--PERSONAL NAME |
| Personal name |
Li, Yong. |
| Relator term |
author. |
| 9 (RLIN) |
61030 |
| 700 ## - ADDED ENTRY--PERSONAL NAME |
| Personal name |
Fu, Ling. |
| Relator term |
author. |
| 9 (RLIN) |
61031 |
| 700 ## - ADDED ENTRY--PERSONAL NAME |
| Personal name |
Qi, Lei. |
| Relator term |
author. |
| 9 (RLIN) |
61032 |
| 942 ## - ADDED ENTRY ELEMENTS (KOHA) |
| Source of classification or shelving scheme |
Dewey Decimal Classification |
| Koha item type |
Periodicals |